书目信息 |
| 题名: |
生活无罪
|
|
| 作者: | 何顿 著 | |
| 分册: | ||
| 出版信息: | 北京 华艺出版社 1995.01 |
|
| 页数: | 432页 | |
| 开本: | 32开 | |
| 丛书名: | ||
| 单 册: | ||
| 中图分类: | I247.5 | |
| 科图分类: | ||
| 主题词: | 小说--中国 | |
| 电子资源: | ||
| ISBN: | 7-80039-694-0 | |
| 000 | 00514nam0 2200193 45 | |
| 001 | 0009030845 | |
| 005 | 20000903080429.3 | |
| 010 | @a7-80039-694-0@d17.00元 | |
| 100 | @a20000903d1995 km y0chiy0120 ea | |
| 101 | 0 | @achi |
| 105 | @a z 000yy | |
| 200 | 1 | @a生活无罪@ASheng Huo Wu Zui@f何顿著@FHe Dun Zhu |
| 210 | @a北京@c华艺出版社@d1995.01 | |
| 215 | @a432页@d32开 | |
| 606 | 0 | @a小说@x中国 |
| 690 | @aI247.5@v3 | |
| 701 | 0 | @a何顿@4著 |
| 801 | @aCN@bPftUser@c20000903 | |
| 905 | @b114158-162@dI247.5@eH.702@f5 | |
| 生活无罪/何顿著.-北京:华艺出版社,1995.01 |
| 432页;32开 |
| ISBN 7-80039-694-0:17.00元 |
| ● |
| 相关链接 |
|
|
|
正题名:生活无罪
索取号:I247.5/H.702
 
预约/预借
| 序号 | 登录号 | 条形码 | 馆藏地/架位号 | 状态 | 备注 |
| 1 | 114158 | 201141585 | 文学库108/ [索取号:I247.5/H.702] | 在馆 | |
| 2 | 114159 | 201141594 | 社科二线422/422社科库 12排2列1层/ [索取号:I247.5/H.702] | 在馆 | |
| 3 | 114160 | 201141601 | 社科二线422/422社科库 12排2列1层/ [索取号:I247.5/H.702] | 在馆 | |
| 4 | 114161 | 201141610 | 社科二线400B/400B社科库 16排1列6层/ [索取号:I247.5/H.702] | 在馆 | |
| 5 | 114162 | 201141629 | 社科二线422/422社科库 12排2列1层/ [索取号:I247.5/H.702] | 在馆 |